000 00642nam a2200205 a 4500
005 20240228063843.0
008 031009s2000 mx r 000 0 spa d
020 _a8495040751
035 _aUPN01000129863
049 _aI
050 4 _aPZ76.3
_bC6.4
100 1 _aCousins, Lucy,
_d1964-
_936493
245 1 4 _aLos colores de Maisy /
_cLucy Cousins ; tr. Encarna Sevilla.
260 _aBarcelona, Esp. :
_bSerres,
_c2000.
300 _a[20] h. :
_bprincipalmente il. col.
534 _pTraducción de:
_tMaisy´s colours
650 0 _aAnimales
_vCuentos y leyendas
_9234
650 4 _aLibros y lectura para niños
_92290
905 _aInfantil
999 _c102020
_d102020